000 00840nam a2200265Ia 4500
003 OSt
005 20221005105458.0
006 a|||||r|||| 00| 0
007 ta
008 221004b |||||||| |||| 00| 0 hin d
020 _a8188170801 (hbk)
024 _a26969
037 _bGift, 16/05/2016,
_cTextual
040 _aCRL
_cCRL
_bhin
041 _2hin
_ahin
082 _aO152,2NPAx, P8
100 _aपाण्डेय, रमा
245 0 _aफ़ैसले
246 _aफ़aisale
260 _aनई दिल्ली
_bमंजुली प्रकाशन भारत
_c2008
300 _a186पृ0
_ccm.
650 _aहिन्दी साहित्य
942 _hO152,2NPAx, P8
_cTEXL
_2cc
999 _c1015959
_d1015959